000 nam a22 7a 4500
999 _c8953
_d8953
008 180122b ||||| |||| 00| 0 eng d
100 _aSinghal.A.
_95257
245 _aLab Manual Mathematics
260 _aNew Delhi
_bHoly faith
_c2009